| 000 | 01011cab a2200253 4500 | ||
|---|---|---|---|
| 001 | WB3433-29 | ||
| 008 | 090401t1998 xxu||||| |||| 00| 0 eng d | ||
| 035 | _a(Sirsi) u88289 | ||
| 041 | _aeng | ||
| 245 | _aNew freedom on using capital receipts | ||
| 260 | _c1998 | ||
| 350 | _a0 | ||
| 490 |
_aDETR News Release _v(715) 31 August 1998 (1) |
||
| 520 | _aLocal councils are set to benefit from an additional £250m a year for investment in local capital projects. New regulations abolish the Local Government and Housing Act 1989 s59 which requires local authorities to set aside part of their capital receipts for meeting debt and credit liabilities. | ||
| 650 | _aASSETS | ||
| 650 | _aCAPITAL RECEIPTS | ||
| 650 | _aLOCAL AUTHORITIES (CAPITAL FINANCE) (AMENDMENT NO. 3) REGULATIONS 1998 | ||
| 650 | _aLOCAL AUTHORITIES | ||
| 650 | _aLOCAL GOVERNMENT AND HOUSING ACT 1989 S59 | ||
| 650 | _aSET-ASIDE | ||
| 690 | _aPROPERTY-PROPERTY FINANCE AND INVESTMENT | ||
| 942 | _n0 | ||
| 948 | _c03/09/1998 | ||
| 999 |
_c55768 _d55768 |
||